000 00703nam a22002297a 4500
003 OSt
005 20260702112255.0
008 260702b |||||||| |||| 00| 0 eng d
020 _a9780325043647
040 _cChuka University Library
050 _aLB 1573 .F68 2012
100 _aFountas Irene C.
_927725
245 _aPrompting Guide for Oral Reading and Early Guide
260 _aPortsmouth
_bHeinemann
_c2012
300 _aVarious Pagings
650 _aReading--Study and Teaching (Elementary)
650 _aAdvocacy --Study and Teaching
_932592
650 _aReading Comprehension
_927306
650 _aLanguage Arts (Elementary)
700 _aPinnell Gay Su.
_927723
942 _2lcc
_cBK
_n0
999 _c25897
_d25897